Normal view
MARC view
- اعداد حداد، تركي
Entry Personal Name
001 - CONTROL NUMBER
- control field: 47100
003 - CONTROL NUMBER IDENTIFIER
- control field: JO-AjAnu
005 - DATE AND TIME OF LATEST TRANSACTION
- control field: 20230606081759.0
008 - FIXED-LENGTH DATA ELEMENTS
- fixed length control field: 230606|| aca||aabn | a|a d
040 ## - CATALOGING SOURCE
- Original cataloging agency: JO-AjAnu
- Transcribing agency: JO-AjAnu
100 ## - HEADING--PERSONAL NAME
- Personal name: اعداد حداد، تركي
670 ## - SOURCE DATA FOUND
- Source citation: Work cat.: (JO-AjAnu)24105: اعداد حداد، تركي , author, المبادئ القانونية لمحكمة التميز في القضايا الحقوقية المنشورة في مجلة نقابة المحامين منذ بداية سنة 1963 حتى نهاية سنة 1970، الجزءالثاني، القسم الثاني (د-ي)